| 000 | 00654nam a22002417a 4500 | ||
|---|---|---|---|
| 003 | OSt | ||
| 005 | 20140310182938.0 | ||
| 008 | 130201t xxu||||| |||| 00| 0 eng d | ||
| 020 | _a9710859374 | ||
| 050 |
_aHN 711 _b.Sa211 1997 |
||
| 082 |
_aFIL306.19 _2Sa5 1997 |
||
| 245 |
_aContemporary : _cSanchez, Custodiosa A., Agpoa, Fe B. _bsocial problems and issues / |
||
| 250 | _a3rd ed. | ||
| 260 |
_aMandaluyong City _bNational Book Store _c1997 |
||
| 300 |
_axiv, 286 p. _bill. _c23 cm |
||
| 521 | _aCollege | ||
| 526 | _c1210L-1700L | ||
| 541 | _j1 | ||
| 541 | _j3 | ||
| 541 | _j2 | ||
| 562 | _e3 | ||
| 942 |
_2lcc _cBK _kFIL |
||
| 999 |
_c17668 _d17668 |
||